Do it Today (Record no. 369355)

MARC details
000 -LEADER
fixed length control field 01572 a2200157 4500
003 - CONTROL NUMBER IDENTIFIER
control field OSt
005 - DATE AND TIME OF LATEST TRANSACTION
control field 20251212122118.0
008 - FIXED-LENGTH DATA ELEMENTS--GENERAL INFORMATION
fixed length control field 251212b |||||||| |||| 00| 0 eng d
020 ## - INTERNATIONAL STANDARD BOOK NUMBER
International Standard Book Number 9780143452126
100 ## - MAIN ENTRY--PERSONAL NAME
Personal name Foroux D.
9 (RLIN) 215446
245 ## - TITLE STATEMENT
Title Do it Today
260 ## - PUBLICATION, DISTRIBUTION, ETC. (IMPRINT)
Name of publisher, distributor, etc. Penguin Random House India
Date of publication, distribution, etc. 2020
Place of publication, distribution, etc. Haryana
300 ## - PHYSICAL DESCRIPTION
Extent 143pp.
520 ## - SUMMARY, ETC.
Summary, etc. Are you also tired of putting off your dreams until “tomorrow?” Guess what! Tomorrow never comes. Am I right?<br/><br/>I’ve procrastinated and put off my desire to write a book for a decade. I always came up with excuses like, “it’s not the right time.” Or, “I need to do more research.”<br/><br/>But in 2015 I got tired of this endless procrastination, and finally took action. Six months later, my first book was published.<br/><br/>Look, we all have limited time on our hands. And we’re getting closer to death every single minute. That shouldn’t scare you. That should motivate you!<br/><br/>Time is limited, that’s why we must do the things we want: Today.<br/><br/>In this “best of” collection, I’ve handpicked 30 of my best articles that help you to overcome procrastination, improve your productivity, and achieve all the things you always wanted.<br/><br/>Plus, I’ve written an extensive introduction about my life and work philosophy.<br/><br/>In Do It Today, you’ll learn:<br/><br/>Why we procrastinate and how we can overcome it<br/>How to increase your productivity without being stressful<br/>How to achieve more meaningful things in your life so you can enjoy it more<br/>Are you ready to start reading this book?
942 ## - ADDED ENTRY ELEMENTS (KOHA)
Koha item type Books
Source of classification or shelving scheme Dewey Decimal Classification
Holdings
Withdrawn status Lost status Source of classification or shelving scheme Damaged status Not for loan Collection code Home library Current library Date acquired Vendor Cost, normal purchase price Total Checkouts Total Renewals Barcode Checked out Date last seen Date last checked out Cost, replacement price Bill Date Koha item type Original Barcode
    Dewey Decimal Classification     BCA MKSSS s K.B. Joshi Institute of Information Technology Library MKSSS s K.B. Joshi Institute of Information Technology Library 10/12/2025 8 149.25 5 1 KBJP-BK-2923 03/04/2026 27/03/2026 27/03/2026 199.00 10/12/2025 Books 2923